00680nam a2200157 a 4500003000200000005001700002008004100019050003000060100002200090245009100112260009000203300004000293504004100333650009800374650005000472020250424150402.0050808s19uu xx 00 eng d aPHS PE 1128.K6b.K36 2005 aKang, Hyun Kyung. aThe Improvement of English language proficiency on Korean students /cHyun Kyung Kang. aLas Piñas City, Philippines :bSouthville International School and Colleges,c2005. a24 pages :billustrations ;c28 cm. aIncludes bibliographical references. 2Library of Congress Subject Headings aEnglish languagexStudy and teachingvKorean speakers. aSecond language acquisitionxKorean students.